Steels for the user, (Record no. 548766)
[ view plain ]
| 000 -LEADER | |
|---|---|
| fixed length control field | 00683cam a22001931 4500 |
| 082 ## - DEWEY DECIMAL CLASSIFICATION NUMBER | |
| Classification number | 669.142 |
| Author Mark | ROL |
| 100 1# - MAIN ENTRY--PERSONAL NAME | |
| Personal name | Rolfe, R. T. |
| 9 (RLIN) | 45007 |
| 245 10 - TITLE STATEMENT | |
| Title | Steels for the user, |
| Statement of responsibility, etc. | by R. T. Rolfe. |
| 250 ## - EDITION STATEMENT | |
| Edition statement | 2d ed. |
| 260 ## - PUBLICATION, DISTRIBUTION, ETC. | |
| Place of publication, distribution, etc. | London, |
| Name of publisher, distributor, etc. | Chapman & Hall ltd., |
| Date of publication, distribution, etc. | 1942. |
| 300 ## - PHYSICAL DESCRIPTION | |
| Extent | xi, 356 p. |
| Other physical details | plates, fold. tab., diagrs. |
| Dimensions | 22 cm. |
| 500 ## - GENERAL NOTE | |
| General note | "First published, 1937." |
| 500 ## - GENERAL NOTE | |
| General note | "The basis of the present volume was a series of articles which appeared in the Iron and steel industry during the years 1934-1937."--Pref. |
| 526 ## - STUDY PROGRAM INFORMATION NOTE | |
| Program name | 0 |
| Interest level | 0 |
| Reading level | 0 |
| Title point value | 669_142000000000000_ROL |
| 650 #0 - SUBJECT ADDED ENTRY--TOPICAL TERM | |
| Topical term or geographic name entry element | MCE |
| 9 (RLIN) | 379 |
| 650 #0 - SUBJECT ADDED ENTRY--TOPICAL TERM | |
| Topical term or geographic name entry element | Steel |
| General subdivision | Metallurgy. |
| 9 (RLIN) | 44932 |
| 650 #0 - SUBJECT ADDED ENTRY--TOPICAL TERM | |
| Topical term or geographic name entry element | Steel. |
| 9 (RLIN) | 44868 |
| 942 ## - ADDED ENTRY ELEMENTS (KOHA) | |
| Source of classification or shelving scheme | |
| Koha item type | Book |
| Withdrawn status | Lost status | Source of classification or shelving scheme | Damaged status | Not for loan | Permanent Location | Current Location | Date acquired | Total Checkouts | Full call number | Barcode | Date last seen | Price effective from | Koha item type |
|---|---|---|---|---|---|---|---|---|---|---|---|---|---|
| Military College of Engineering (MCE) | Military College of Engineering (MCE) | 09/05/2014 | 669.142 ROL | MCE-40310 | 09/05/2014 | 09/05/2014 | Book |
